[Event "DVM U20 2017"]
[Site "Düsseldorf GER"]
[Date "2017.12.28"]
[Round "3"]
[White "Hinrichs, Lars"]
[Black "Sabirov, Ramil"]
[Result "1-0"]
[Termination "normal"]
[Board "3.4"]
[WhiteElo "2216"]
[BlackElo "2093"]
[WhiteClock "00:15:58"]
[BlackClock "00:22:18"]
[WhiteTeam "Hamburger SK"]
[BlackTeam "SG Porz"]
[PlyCount "93"]
[WhiteFideId "12921769"]
[BlackFideId "12900303"]
[EventCountry "GER"]
[EventRounds "7"]
[EventType "team-swiss"]
[EventDate "2017.12.26"]

1. b3 {[%clk 1:30:56]} e5 {[%clk 1:30:41]} 2. Bb2 {[%clk 1:31:17]} Nc6 {[%clk
1:31:07]} 3. e3 {[%clk 1:31:40]} Nf6 {[%clk 1:31:13]} 4. Bb5 {[%clk 1:31:23]}
Bd6 {[%clk 1:31:39]} 5. Na3 {[%clk 1:30:24]} Na5 {[%clk 1:30:03]} 6. Be2 {[%clk
1:28:51]} c6 {[%clk 1:23:28]} 7. c4 {[%clk 1:25:14]} O-O {[%clk 1:19:43]} 8.
Nc2 {[%clk 1:23:48]} c5 {[%clk 1:12:04]} 9. d4 {[%clk 1:15:46]} Nc6 {[%clk
1:02:20]} 10. Nf3 {[%clk 1:01:36]} cxd4 {[%clk 0:52:48]} 11. exd4 {[%clk
0:54:44]} e4 {[%clk 0:53:09]} 12. Nd2 {[%clk 0:54:38]} Bf4 {[%clk 0:40:27]} 13.
d5 {[%clk 0:34:00]} Ne5 {[%clk 0:34:12]} 14. Nxe4 {[%clk 0:26:43]} Nxe4 {[%clk
0:31:37]} 15. Qd4 {[%clk 0:22:26]} Qh4 16. g3 {[%clk 0:21:03]} Nxg3 {[%clk
0:18:39]} 17. fxg3 {[%clk 0:21:08]} Bxg3+ {[%clk 0:18:50]} 18. hxg3 {[%clk
0:12:36]} Qxh1+ {[%clk 0:19:05]} 19. Kd2 {[%clk 0:13:01]} Qh6+ {[%clk 0:19:20]}
20. Ne3 {[%clk 0:11:25]} d6 {[%clk 0:17:03]} 21. c5 {[%clk 0:11:02]} Re8 {[%clk
0:14:06]} 22. cxd6 {[%clk 0:08:19]} Bg4 {[%clk 0:12:30]} 23. Qf4 {[%clk
0:06:36]} Bxe2 {[%clk 0:06:19]} 24. Bxe5 {[%clk 0:06:41]} Qh2 {[%clk 0:02:43]}
25. g4 {[%clk 0:03:38]} Qxf4 {[%clk 0:02:42]} 26. Bxf4 {[%clk 0:04:03]} Bb5
{[%clk 0:03:04]} 27. Nf5 {[%clk 0:01:05]} f6 {[%clk 0:01:47]} 28. Rc1 {[%clk
0:00:58]} Bd7 {[%clk 0:01:01]} 29. Ne7+ {[%clk 0:00:46]} Kf7 {[%clk 0:00:59]}
30. Rc7 {[%clk 0:01:10]} Rxe7 {[%clk 0:01:25]} 31. dxe7 {[%clk 0:01:15]} Kxe7
{[%clk 0:01:49]} 32. Rxb7 {[%clk 0:01:27]} a6 {[%clk 0:01:12]} 33. Kd3 {[%clk
0:01:15]} Rh8 {[%clk 0:00:48]} 34. Bd2 {[%clk 0:00:42]} Ra8 {[%clk 0:00:40]}
35. Bb4+ {[%clk 0:00:55]} Ke8 {[%clk 0:01:01]} 36. Kd4 {[%clk 0:01:14]} Rc8
{[%clk 0:01:12]} 37. Bc5 {[%clk 0:01:17]} g6 {[%clk 0:01:14]} 38. b4 {[%clk
0:01:11]} h5 {[%clk 0:01:40]} 39. gxh5 {[%clk 0:01:16]} gxh5 {[%clk 0:02:05]}
40. Rb6 {[%clk 0:00:39]} Kf7 {[%clk 0:01:06]} 41. Rxa6 {[%clk 0:24:23]} Bg4
{[%clk 0:29:20]} 42. Ra7+ {[%clk 0:22:05]} Kg6 {[%clk 0:29:36]} 43. b5 {[%clk
0:21:13]} Rd8 {[%clk 0:26:09]} 44. Be7 {[%clk 0:17:36]} Re8 {[%clk 0:21:54]}
45. b6 {[%clk 0:16:03]} h4 {[%clk 0:22:07]} 46. b7 {[%clk 0:15:39]} h3 {[%clk
0:22:18]} 47. Bd6 {[%clk 0:15:58]} 1-0

[Event "DVM U20 2017"]
[Site "Düsseldorf GER"]
[Date "2017.12.28"]
[Round "3"]
[White "Ramien, David"]
[Black "Elbracht, Michael"]
[Result "1-0"]
[Termination "normal"]
[Board "3.5"]
[WhiteElo "2160"]
[BlackElo "2008"]
[WhiteClock "00:27:17"]
[BlackClock "00:11:15"]
[WhiteTeam "SG Porz"]
[BlackTeam "Hamburger SK"]
[PlyCount "55"]
[WhiteFideId "12948241"]
[BlackFideId "12945595"]
[EventCountry "GER"]
[EventRounds "7"]
[EventType "team-swiss"]
[EventDate "2017.12.26"]

1. e4 {[%clk 1:30:57]} c5 {[%clk 1:30:55]} 2. Nf3 {[%clk 1:31:23]} e6 {[%clk
1:31:20]} 3. d4 {[%clk 1:31:48]} cxd4 {[%clk 1:31:45]} 4. Nxd4 {[%clk 1:32:16]}
a6 {[%clk 1:32:05]} 5. Bd3 {[%clk 1:32:42]} Qc7 {[%clk 1:32:24]} 6. O-O {[%clk
1:32:40]} Nf6 {[%clk 1:32:04]} 7. Qe2 {[%clk 1:33:04]} d6 {[%clk 1:31:28]} 8.
c4 {[%clk 1:33:28]} Be7 {[%clk 1:31:44]} 9. Nc3 {[%clk 1:33:53]} Nbd7 {[%clk
1:30:49]} 10. f4 {[%clk 1:34:08]} b6 {[%clk 1:28:40]} 11. Bd2 {[%clk 1:29:20]}
Bb7 {[%clk 1:26:10]} 12. Rae1 {[%clk 1:28:58]} g6 {[%clk 1:13:47]} 13. Nf3
{[%clk 0:57:50]} O-O {[%clk 0:51:04]} 14. e5 {[%clk 0:45:30]} Ne8 {[%clk
0:40:18]} 15. exd6 {[%clk 0:31:47]} Bxd6 {[%clk 0:30:18]} 16. Ne5 {[%clk
0:31:03]} Nxe5 {[%clk 0:26:46]} 17. fxe5 {[%clk 0:31:24]} Bc5+ {[%clk 0:27:07]}
18. Kh1 {[%clk 0:31:49]} Ng7 {[%clk 0:24:23]} 19. Be4 {[%clk 0:31:46]} Rad8
{[%clk 0:15:41]} 20. Bxb7 {[%clk 0:31:12]} Qxb7 {[%clk 0:16:06]} 21. Ne4 {[%clk
0:30:56]} Be7 {[%clk 0:16:18]} 22. Bh6 {[%clk 0:30:34]} Rd4 {[%clk 0:12:55]}
23. Nf6+ {[%clk 0:27:31]} Kh8 {[%clk 0:13:10]} 24. Qe3 {[%clk 0:27:19]} Nf5
{[%clk 0:11:57]} 25. Rxf5 {[%clk 0:27:34]} Bc5 {[%clk 0:10:56]} 26. Qh3 {[%clk
0:26:53]} exf5 {[%clk 0:10:54]} 27. Bg7+ {[%clk 0:27:17]} Kxg7 {[%clk 0:11:15]}
28. Qxh7# 1-0

[Event "DVM U20 2017"]
[Site "Düsseldorf GER"]
[Date "2017.12.28"]
[Round "3"]
[White "Machalitza, Marvin"]
[Black "Sewald, Kathrin"]
[Result "0-1"]
[Termination "normal"]
[Board "3.6"]
[WhiteElo "1766"]
[BlackElo "1890"]
[WhiteClock "00:30:17"]
[BlackClock "00:31:46"]
[WhiteTeam "Hamburger SK"]
[BlackTeam "SG Porz"]
[PlyCount "86"]
[WhiteFideId "16255933"]
[BlackFideId "12964557"]
[EventCountry "GER"]
[EventRounds "7"]
[EventType "team-swiss"]
[EventDate "2017.12.26"]

1. e4 {[%clk 1:30:57]} e5 {[%clk 1:30:54]} 2. Nf3 {[%clk 1:31:20]} Nc6 {[%clk
1:31:20]} 3. d4 {[%clk 1:31:44]} exd4 {[%clk 1:31:42]} 4. Bc4 {[%clk 1:32:07]}
Nf6 {[%clk 1:25:33]} 5. O-O {[%clk 1:31:58]} Be7 {[%clk 1:20:31]} 6. Re1 {[%clk
1:27:05]} d6 {[%clk 1:18:07]} 7. Nxd4 {[%clk 1:25:58]} Ne5 {[%clk 1:15:45]} 8.
Bb3 {[%clk 1:21:50]} O-O {[%clk 1:12:49]} 9. Nc3 {[%clk 1:21:09]} c5 {[%clk
1:09:37]} 10. Nf5 {[%clk 1:14:09]} c4 {[%clk 1:05:53]} 11. f4 {[%clk 1:05:22]}
Bxf5 12. fxe5 {[%clk 0:53:34]} Bg4 {[%clk 0:46:01]} 13. Qd2 {[%clk 0:49:26]}
cxb3 {[%clk 0:43:32]} 14. exf6 {[%clk 0:49:18]} Bxf6 {[%clk 0:43:56]} 15. axb3
{[%clk 0:48:21]} Re8 {[%clk 0:39:23]} 16. Nd5 {[%clk 0:45:55]} Be5 {[%clk
0:36:09]} 17. Qf2 {[%clk 0:36:24]} Be6 {[%clk 0:28:28]} 18. c3 {[%clk 0:29:33]}
f5 {[%clk 0:23:43]} 19. Nf4 {[%clk 0:10:09]} fxe4 {[%clk 0:20:31]} 20. Rxe4
{[%clk 0:09:17]} Bxb3 {[%clk 0:18:22]} 21. g3 {[%clk 0:09:18]} d5 {[%clk
0:16:20]} 22. Rb4 {[%clk 0:09:21]} Bc4 {[%clk 0:15:45]} 23. Be3 {[%clk
0:07:32]} b6 {[%clk 0:12:17]} 24. Bd4 {[%clk 0:07:34]} Bd6 {[%clk 0:11:58]} 25.
Rba4 Qb8 {[%clk 0:06:48]} 26. Qd2 {[%clk 0:04:40]} a6 {[%clk 0:06:13]} 27. Nh5
{[%clk 0:04:22]} Be5 {[%clk 0:04:44]} 28. Qg5 {[%clk 0:03:58]} Qc7 {[%clk
0:02:58]} 29. b3 {[%clk 0:02:33]} Bb5 {[%clk 0:02:59]} 30. R4a2 {[%clk
0:02:14]} Qe7 {[%clk 0:02:08]} 31. Qd2 {[%clk 0:01:26]} Bxd4+ {[%clk 0:02:20]}
32. Qxd4 {[%clk 0:01:47]} Qe3+ {[%clk 0:02:35]} 33. Qxe3 {[%clk 0:02:15]} Rxe3
{[%clk 0:02:59]} 34. Nf4 {[%clk 0:01:58]} Rxc3 {[%clk 0:02:30]} 35. Nxd5 {[%clk
0:02:21]} Rxb3 {[%clk 0:02:33]} 36. Nxb6 {[%clk 0:02:13]} Rd8 {[%clk 0:02:36]}
37. Na4 {[%clk 0:01:11]} Rd5 {[%clk 0:02:19]} 38. Rf2 {[%clk 0:00:46]} Re5 39.
Nb6 Re2 {[%clk 0:00:50]} 40. Raf1 {[%clk 0:00:35]} Rxf2 {[%clk 0:00:49]} 41.
Rxf2 {[%clk 0:00:41]} Rb1+ {[%clk 0:01:02]} 42. Kg2 {[%clk 0:29:57]} Bc6+
{[%clk 0:31:25]} 43. Kh3 {[%clk 0:30:17]} Rxb6 {[%clk 0:31:46]} 0-1

[Event "DVM U20 2017"]
[Site "Düsseldorf GER"]
[Date "2017.12.28"]
[Round "3"]
[White "Savchenko, Daniel"]
[Black "Hartge, Gedeon"]
[Result "1/2-1/2"]
[Termination "normal"]
[Board "4.1"]
[WhiteElo "2080"]
[BlackElo "2140"]
[WhiteTeam "Düsseldorfer SK"]
[BlackTeam "USV Halle"]
[PlyCount "80"]
[WhiteFideId "12919195"]
[BlackFideId "12932116"]
[EventCountry "GER"]
[EventRounds "7"]
[EventType "team-swiss"]
[EventDate "2017.12.26"]

1. e4 c5 2. Nf3 e6 3. d4 cxd4 4. Nxd4 a6 5. Bd3 Nf6 6. O-O Qc7 7. Kh1 Nc6 8.
Nb3 d5 9. exd5 Nxd5 10. c3 Bd6 11. h3 O-O 12. N1d2 Ne5 13. Bc2 f5 14. Nd4 Ng6
15. N2f3 Ngf4 16. Bb3 Rf6 17. c4 Nb4 18. Bxf4 Bxf4 19. Re1 Bd7 20. a3 Nc6 21.
Ne2 Bd6 22. Rc1 Bc5 23. Rf1 Rd8 24. Qc2 Ne5 25. Nfd4 Ng4 26. f4 Ne3 27. Qc3
Nxf1 28. Rxf1 Bc6 29. Bc2 Bxd4 30. Nxd4 Rg6 31. Rf2 Qd6 32. Nxc6 bxc6 33. Qf3
c5 34. b3 a5 35. a4 Qc7 36. Re2 Rd4 37. Bxf5 Rf6 38. Bxe6+ Kf8 39. g3 Qd8 40.
Bd5 g6 1/2-1/2

[Event "DVM U20 2017"]
[Site "Düsseldorf GER"]
[Date "2017.12.28"]
[Round "3"]
[White "Gröbel, Aaron"]
[Black "Lechner, Alexander"]
[Result "1-0"]
[Termination "normal"]
[Board "4.2"]
[WhiteElo "2103"]
[BlackElo "1830"]
[WhiteTeam "USV Halle"]
[BlackTeam "Düsseldorfer SK"]
[PlyCount "103"]
[WhiteFideId "12914851"]
[BlackFideId "12956074"]
[EventCountry "GER"]
[EventRounds "7"]
[EventType "team-swiss"]
[EventDate "2017.12.26"]

1. e4 c6 2. d4 d5 3. exd5 cxd5 4. Bd3 Nf6 5. c3 Bg4 6. Nf3 Nc6 7. O-O e6 8. h3
Bh5 9. Bf4 Bg6 10. Ne5 Bxd3 11. Qxd3 Nd7 12. Nd2 Ncxe5 13. dxe5 Qc7 14. Rfe1
Be7 15. Qg3 g5 16. Be3 Qxe5 17. Qxe5 Nxe5 18. Bd4 Ng6 19. Bxh8 Nxh8 20. Nf3 Ng6
21. g3 h5 22. Kg2 h4 23. Rad1 O-O-O 24. Ne5 Nxe5 25. Rxe5 hxg3 26. fxg3 Rg8 27.
Re2 Rg6 28. c4 dxc4 29. Rc2 b5 30. b3 e5 31. bxc4 b4 32. Rf2 f6 33. Rfd2 Rg8
34. Rd7 Rd8 35. Rxd8+ Bxd8 36. Kf3 f5 37. Rd5 Bc7 38. h4 e4+ 39. Ke3 gxh4 40.
gxh4 Bd8 41. h5 Bg5+ 42. Ke2 Kc7 43. Rxf5 Bc1 44. Re5 Kc6 45. h6 Bb2 46. Rxe4
Kc5 47. Kd3 Kb6 48. h7 Ka5 49. Re8 Ka4 50. h8=Q Bxh8 51. Rxh8 a5 52. Ra8 1-0

[Event "DVM U20 2017"]
[Site "Düsseldorf GER"]
[Date "2017.12.28"]
[Round "3"]
[White "Altstadt, Karl-Simon"]
[Black "Kaplun, David"]
[Result "1/2-1/2"]
[Termination "normal"]
[Board "4.4"]
[WhiteElo "2004"]
[BlackElo "1958"]
[WhiteTeam "USV Halle"]
[BlackTeam "Düsseldorfer SK"]
[PlyCount "41"]
[WhiteFideId "24696676"]
[BlackFideId "12901954"]
[EventCountry "GER"]
[EventRounds "7"]
[EventType "team-swiss"]
[EventDate "2017.12.26"]

1. e4 d5 2. exd5 Qxd5 3. Nc3 Qd6 4. d4 Nf6 5. Nf3 a6 6. g3 g6 7. Bg2 Bg7 8. O-O
O-O 9. Re1 Ra7 10. h3 b5 11. a3 Bb7 12. Bf4 Qd8 13. Qd2 Nbd7 14. Bh6 Nb6 15.
Bxg7 Kxg7 16. Qf4 Nbd5 17. Nxd5 Bxd5 18. Nd2 Bxg2 19. Kxg2 c5 20. Nf3 cxd4 21.
Rad1 1/2-1/2

[Event "DVM U20 2017"]
[Site "Düsseldorf GER"]
[Date "2017.12.28"]
[Round "3"]
[White "Kretzschmar, Arnd"]
[Black "Wiedenbruch, Paul"]
[Result "1-0"]
[Termination "normal"]
[Board "4.6"]
[WhiteElo "1986"]
[BlackElo "1391"]
[WhiteTeam "USV Halle"]
[BlackTeam "Düsseldorfer SK"]
[PlyCount "89"]
[WhiteFideId "12914835"]
[BlackFideId "16207343"]
[EventCountry "GER"]
[EventRounds "7"]
[EventType "team-swiss"]
[EventDate "2017.12.26"]

1. d4 {[%emt 0:00:00]} d5 2. c4 e6 3. Nc3 Nf6 4. Bg5 Be7 5. e3 O-O 6. cxd5 exd5
7. Bd3 c6 8. h3 Nbd7 9. Qc2 Re8 10. Nf3 Nf8 11. O-O Ne6 12. Bxf6 Bxf6 13. Bxh7+
Kh8 14. Bd3 b6 15. Rac1 Bb7 16. b4 Rc8 17. Qb1 Rb8 18. Rfd1 Qe7 19. Ne2 c5 20.
dxc5 bxc5 21. bxc5 Nxc5 22. Qc2 Nxd3 23. Qxd3 Rbd8 24. Ned4 Rc8 25. Qb5 Red8
26. Nf5 Qd7 27. Qxd7 Rxd7 28. Rxc8+ Bxc8 29. N5d4 Rb7 30. Rc1 Be6 31. Rc6 Re7
32. Ra6 Bc8 33. Ra5 Rd7 34. Nc6 a6 35. Nce5 Rc7 36. Rxd5 Rc1+ 37. Kh2 Kg8 38.
Rd6 Ra1 39. Rd2 Be6 40. Nd7 Bxd7 41. Rxd7 Rxa2 42. Kg3 a5 43. Ra7 Bc3 44. Ng5
Be1 45. Ra8# 1-0

[Event "DVM U20 2017"]
[Site "Düsseldorf GER"]
[Date "2017.12.28"]
[Round "3"]
[White "Hecht, Carsten"]
[Black "Zähringer, Daniel"]
[Result "1/2-1/2"]
[Termination "normal"]
[Board "5.1"]
[WhiteElo "2232"]
[BlackElo "2042"]
[WhiteTeam "LSV Turm Lippstadt"]
[BlackTeam "SK König Plauen"]
[PlyCount "40"]
[WhiteFideId "24693928"]
[BlackFideId "12970280"]
[EventCountry "GER"]
[EventRounds "7"]
[EventType "team-swiss"]
[EventDate "2017.12.26"]

1. e4 e5 2. Nf3 Nf6 3. Nxe5 d6 4. Nf3 Nxe4 5. Nc3 Nxc3 6. dxc3 Be7 7. Be3 c5 8.
Qd2 O-O 9. O-O-O Be6 10. Kb1 d5 11. Ng5 Bxg5 12. Bxg5 Qb6 13. h4 f6 14. Bf4 Nc6
15. a3 Rad8 16. Bd3 Rfe8 17. Rhe1 Bf7 18. Rxe8+ Rxe8 19. Re1 Ne5 20. f3 Nxd3
1/2-1/2

[Event "DVM U20 2017"]
[Site "Düsseldorf GER"]
[Date "2017.12.28"]
[Round "3"]
[White "Fischer, Erik"]
[Black "Kruse, Janik"]
[Result "0-1"]
[Termination "normal"]
[Board "5.2"]
[WhiteElo "1953"]
[BlackElo "2052"]
[WhiteTeam "SK König Plauen"]
[BlackTeam "LSV Turm Lippstadt"]
[PlyCount "64"]
[WhiteFideId "12956678"]
[BlackFideId "16200250"]
[EventCountry "GER"]
[EventRounds "7"]
[EventType "team-swiss"]
[EventDate "2017.12.26"]

1. e4 e5 2. Nf3 Nc6 3. Bc4 Bc5 4. O-O Nf6 5. d4 Bxd4 6. Nxd4 Nxd4 7. f4 d6 8.
fxe5 dxe5 9. Bg5 Be6 10. Na3 Qe7 11. c3 Bxc4 12. Bxf6 gxf6 13. Nxc4 Ne6 14. Ne3
Qc5 15. Qd2 Rd8 16. Qf2 Nf4 17. Kh1 Rd3 18. Rae1 Rd6 19. Qg3 Re6 20. Nf5 Kd8
21. b4 Qc6 22. Qe3 {(=)} b6 23. g3 Nh3 24. Rd1+ Kc8 25. Qd3 Ng5 26. Rfe1 Ree8
27. a4 Kb7 28. a5 b5 29. h4 Rd8 30. a6+ Qxa6 31. Qxd8 Rxd8 32. Rxd8 Nxe4 0-1

[Event "DVM U20 2017"]
[Site "Düsseldorf GER"]
[Date "2017.12.28"]
[Round "3"]
[White "Kettler, Ilija Jonas"]
[Black "Linnert, Niklas"]
[Result "0-1"]
[Termination "normal"]
[Board "5.3"]
[WhiteElo "2032"]
[BlackElo "1979"]
[WhiteTeam "LSV Turm Lippstadt"]
[BlackTeam "SK König Plauen"]
[PlyCount "66"]
[WhiteFideId "16216610"]
[BlackFideId "12974781"]
[EventCountry "GER"]
[EventRounds "7"]
[EventType "team-swiss"]
[EventDate "2017.12.26"]

1. Nf3 Nf6 2. g3 b6 3. Bg2 Bb7 4. c4 e6 5. Nc3 Be7 6. O-O O-O 7. d4 d6 8. Qc2
Nbd7 9. Rd1 Qb8 10. e4 e5 11. Nd5 Re8 12. dxe5 Nxe5 13. Nd4 Bxd5 14. cxd5 a6
15. Bg5 h6 16. Bd2 b5 17. b3 Qb6 18. Nf5 Bf8 19. Be3 Qb8 20. Rac1 Rc8 21. f4
Ned7 22. Bd4 g6 23. Nh4 Bg7 24. e5 dxe5 25. fxe5 Ng4 26. e6 Bxd4+ 27. Rxd4 Nde5
28. exf7+ Kxf7 29. Rxg4 Qb6+ 30. Kh1 Nxg4 31. Rf1+ Kg7 32. d6 Qxd6 33. Rd1 Nf2+
0-1

[Event "DVM U20 2017"]
[Site "Düsseldorf GER"]
[Date "2017.12.28"]
[Round "3"]
[White "Merkel, Toni"]
[Black "Kuckling, Linus"]
[Result "1-0"]
[Termination "normal"]
[Board "5.4"]
[WhiteElo "1884"]
[BlackElo "1804"]
[WhiteTeam "SK König Plauen"]
[BlackTeam "LSV Turm Lippstadt"]
[PlyCount "105"]
[WhiteFideId "12902624"]
[BlackFideId "24658243"]
[EventCountry "GER"]
[EventRounds "7"]
[EventType "team-swiss"]
[EventDate "2017.12.26"]

1. e4 c5 2. Nf3 Nc6 3. d4 cxd4 4. Nxd4 e5 5. Nb5 d6 6. N1c3 a6 7. Na3 b5 8. Nd5
Nge7 9. Bg5 h6 10. Bh4 Qa5+ 11. c3 Ng6 12. Bg3 Be6 13. Nc2 Nce7 14. Nce3 Nxd5
15. Nxd5 Ne7 16. b4 Qd8 17. a4 Nxd5 18. exd5 Bd7 19. axb5 axb5 20. Bd3 Be7 21.
O-O O-O 22. f4 Qb6+ 23. Bf2 Qc7 24. Rxa8 Rxa8 25. Qf3 Bf6 26. fxe5 Bxe5 27. Bg3
Be8 28. Bxe5 dxe5 29. Qf5 Qxc3 30. Qh7+ Kf8 31. Qh8+ Ke7 32. Qxg7 Qd4+ 33. Kh1
Qxd5 34. Qf6+ Kd7 35. Bf5+ Kc7 36. Rc1+ Bc6 37. Rxc6+ Qxc6 38. Qxc6+ Kxc6 39.
Be4+ Kd6 40. Bxa8 f5 41. Kg1 e4 42. Kf2 Ke5 43. Bc6 Kd4 44. Bxb5 Kc3 45. Bd7
Kxb4 46. Bxf5 Kc5 47. Bxe4 Kd6 48. Kf3 Ke5 49. Ke3 Kf6 50. Kf4 Kf7 51. Kg4 Kf6
52. Kh5 Kg7 53. Bd3 1-0

[Event "DVM U20 2017"]
[Site "Düsseldorf GER"]
[Date "2017.12.28"]
[Round "3"]
[White "Neudorf, Noah Levin"]
[Black "Helmrich, Daniel"]
[Result "1/2-1/2"]
[Termination "normal"]
[Board "5.5"]
[WhiteElo "1830"]
[BlackElo "1790"]
[WhiteTeam "LSV Turm Lippstadt"]
[BlackTeam "SK König Plauen"]
[PlyCount "45"]
[WhiteFideId "12965693"]
[BlackFideId "12956767"]
[EventCountry "GER"]
[EventRounds "7"]
[EventType "team-swiss"]
[EventDate "2017.12.26"]

1. b3 Nf6 2. Bb2 d5 3. e3 c5 4. f4 g6 5. Nf3 Bg7 6. Bb5+ Bd7 7. Be2 O-O 8. O-O
Nc6 9. Na3 a6 10. c4 d4 11. Nc2 Ne4 12. exd4 cxd4 13. d3 Nc3 14. Qd2 Bf5 15.
Kh1 e5 16. fxe5 Nxe5 17. Nxe5 Bxe5 18. Bf3 Rb8 19. Rae1 Bg7 20. Ba3 Re8 21.
Rxe8+ Qxe8 22. Bd6 Rd8 23. Re1 1/2-1/2

[Event "DVM U20 2017"]
[Site "Düsseldorf GER"]
[Date "2017.12.28"]
[Round "3"]
[White "Graf, Lucas"]
[Black "Homfeldt, Christopher"]
[Result "1-0"]
[Termination "normal"]
[Board "5.6"]
[WhiteElo "1781"]
[BlackElo "1743"]
[WhiteTeam "SK König Plauen"]
[BlackTeam "LSV Turm Lippstadt"]
[PlyCount "81"]
[WhiteFideId "12974889"]
[BlackFideId "16220293"]
[EventCountry "GER"]
[EventRounds "7"]
[EventType "team-swiss"]
[EventDate "2017.12.26"]

1. e4 c5 2. Nc3 Nc6 3. Bb5 e6 4. Bxc6 bxc6 5. d3 d5 6. Nge2 Nf6 7. O-O Be7 8.
Ng3 Qc7 9. f4 O-O 10. Bd2 Ne8 11. Qe1 f5 12. e5 g6 13. Kh1 Ng7 14. Qf2 a5 15.
Na4 d4 16. b3 Ba6 17. Nb2 Bb5 18. a4 Ba6 19. Ne2 Rfd8 20. Ng1 Kf7 21. Nf3 h6 {
(=)} 22. Bc1 Rd7 23. Nd2 Ne8 24. Ndc4 Bxc4 25. Nxc4 Bd8 26. Bd2 Kg7 27. h3 Kh7
28. g4 Rg7 29. Rg1 Qb7 30. Raf1 Bb6 31. Kg2 Nc7 32. Kf3 Nd5 33. Ke2 Nb4 34. Kd1
Bc7 35. h4 Rb8 36. Bxb4 Qxb4 37. h5 Rf8 38. gxf5 Rxf5 39. hxg6+ Rxg6 40. Rxg6
Kxg6 41. Qg3+ 1-0

[Event "DVM U20 2017"]
[Site "Düsseldorf GER"]
[Date "2017.12.28"]
[Round "3"]
[White "Linnemann, Niklas"]
[Black "Degenhard, Simon"]
[Result "1/2-1/2"]
[Termination "normal"]
[Board "6.1"]
[WhiteElo "1998"]
[BlackElo "2183"]
[WhiteTeam "TuS Coswig"]
[BlackTeam "Heilbronner SV"]
[PlyCount "97"]
[WhiteFideId "24695645"]
[BlackFideId "12944017"]
[EventCountry "GER"]
[EventRounds "7"]
[EventType "team-swiss"]
[EventDate "2017.12.26"]

1. e4 c5 2. Nf3 e6 3. d4 cxd4 4. Nxd4 a6 5. Nc3 Qc7 6. Bd3 Nf6 7. O-O Bc5 8.
Nb3 Be7 9. Qe2 d6 10. Bd2 Nbd7 11. Kh1 b5 12. a4 b4 13. Na2 a5 14. c3 Bb7 15.
cxb4 axb4 16. Nxb4 O-O 17. Rfc1 Qb8 18. Bc3 Rc8 19. a5 Nc5 20. Nd2 Nxd3 21.
Qxd3 d5 22. e5 Ng4 23. Qd4 Bxb4 24. Bxb4 Nxe5 25. Bc3 f6 26. Qb6 Bc6 27. Qxb8
Raxb8 28. Bxe5 fxe5 29. b3 Kf7 30. f3 Ke7 31. Kg1 Kd6 32. Kf2 Rb4 33. Rc2 Ra8
34. Ke3 Rb5 35. Rca2 Rc5 36. b4 Rc3+ 37. Kf2 Bb5 38. Rb2 Rac8 39. a6 Ra8 40. a7
Rc7 41. Ra5 Rb7 42. Rba2 Bd7 43. Ra6+ Ke7 44. Nb3 Rxb4 45. Nc5 Rc4 46. Nd3 Kf6
47. R2a5 Rc7 48. Rxd5 Raxa7 49. Rxa7 1/2-1/2

[Event "DVM U20 2017"]
[Site "Düsseldorf GER"]
[Date "2017.12.28"]
[Round "3"]
[White "Mikeler, Marcel"]
[Black "von Koslowski, Utz"]
[Result "1-0"]
[Termination "normal"]
[Board "6.2"]
[WhiteElo "1863"]
[BlackElo "1955"]
[WhiteTeam "Heilbronner SV"]
[BlackTeam "TuS Coswig"]
[PlyCount "73"]
[WhiteFideId "12927856"]
[BlackFideId "12964247"]
[EventCountry "GER"]
[EventRounds "7"]
[EventType "team-swiss"]
[EventDate "2017.12.26"]

1. d4 Nf6 2. Nf3 e6 3. c4 b6 4. g3 Bb7 5. Bg2 Be7 6. O-O O-O 7. Nc3 Ne4 8. Qc2
Nxc3 9. Qxc3 d6 10. Re1 a5 11. Qd3 Nd7 12. Ng5 Bxg5 13. Bxb7 Rb8 14. Bc6 Bf6
15. Bd2 e5 16. e3 Qe7 17. Bc3 Rbd8 18. a3 Nb8 19. Be4 g6 20. b4 axb4 21. axb4
c5 22. Bd5 h5 23. Qxg6+ Bg7 24. Qxh5 Qc7 25. dxc5 bxc5 26. b5 Qe7 27. b6 Nd7
28. Ra7 Qf6 29. Rb1 Nb8 30. e4 Rd7 31. Bd2 Qd8 32. Bg5 Qe8 33. Rb3 Qc8 34. Rf3
Qe8 35. Bf6 Rxa7 36. Qg5 Ra1+ 37. Kg2 1-0

[Event "DVM U20 2017"]
[Site "Düsseldorf GER"]
[Date "2017.12.28"]
[Round "3"]
[White "Kunath, Tim"]
[Black "Lahouel, Kim-Luca"]
[Result "1-0"]
[Termination "normal"]
[Board "6.3"]
[WhiteElo "2006"]
[BlackElo "1718"]
[WhiteTeam "TuS Coswig"]
[BlackTeam "Heilbronner SV"]
[PlyCount "97"]
[WhiteFideId "12985074"]
[BlackFideId "12979503"]
[EventCountry "GER"]
[EventRounds "7"]
[EventType "team-swiss"]
[EventDate "2017.12.26"]

1. e4 c5 2. Nf3 d6 3. d4 cxd4 4. Nxd4 Nf6 5. Nc3 a6 6. h3 e6 7. g4 Nfd7 8. Bg2
Be7 9. O-O Nc6 10. Be3 O-O 11. f4 Na5 12. b3 Nc6 13. Nce2 Nxd4 14. Nxd4 Qc7 15.
c4 Rb8 16. Rc1 b6 17. g5 Bb7 18. b4 Rfc8 19. Qg4 Nf8 20. f5 exf5 21. Nxf5 Ng6
22. Bd4 Bf8 23. Ne3 b5 24. Qf5 Qe7 25. Nd5 Bxd5 26. cxd5 Rxc1 27. Rxc1 Nh4 28.
Qg4 Nxg2 29. Kxg2 Re8 30. Kf3 Qb7 31. Rc6 Ra8 32. Rb6 Qc7 33. Rc6 Qb7 34. Bb6
Qe7 35. Qf5 Re8 36. Rc7 Qe5 37. Qxe5 Rxe5 38. Be3 Re8 39. Bf4 Ra8 40. Bd2 h6
41. gxh6 gxh6 42. Kf4 Kg7 43. Kf5 Re8 44. Bc3+ Kg8 45. Rc6 Ra8 46. e5 dxe5 47.
d6 f6 48. d7 Rd8 49. Ke6 1-0

[Event "DVM U20 2017"]
[Site "Düsseldorf GER"]
[Date "2017.12.28"]
[Round "3"]
[White "Bühler, Severin"]
[Black "Kieslich, Aaron"]
[Result "1/2-1/2"]
[Termination "normal"]
[Board "6.4"]
[WhiteElo "1846"]
[BlackElo "2048"]
[WhiteTeam "Heilbronner SV"]
[BlackTeam "TuS Coswig"]
[PlyCount "86"]
[WhiteFideId "16203178"]
[BlackFideId "1270391"]
[EventCountry "GER"]
[EventRounds "7"]
[EventType "team-swiss"]
[EventDate "2017.12.26"]

1. e4 c5 2. Nf3 d6 3. d4 cxd4 4. Nxd4 Nf6 5. Nc3 a6 6. Be3 e6 7. f3 b5 8. Qd2
Nbd7 9. O-O-O Bb7 10. g4 Nb6 11. g5 Nfd7 12. a3 Ne5 13. Qf2 Nec4 14. Bxc4 Nxc4
15. Nb3 Rc8 16. Rd3 Ne5 17. Rdd1 Rxc3 18. bxc3 Nc4 19. Rhg1 Qc7 20. Nd2 Nxa3
21. Kb2 d5 22. Ra1 Nc4+ 23. Nxc4 Qxc4 24. Rgd1 Be7 25. Rd4 Qc8 26. e5 O-O 27.
Rg4 Qc7 28. Bd4 Rc8 29. Rd1 a5 30. Ra1 a4 31. Qe2 Qc6 32. Rgg1 Ba6 33. Qd2 Bd8
34. Ra3 Ba5 35. Rb1 Qc4 36. Qd3 Qc7 37. Qd2 Rb8 38. Kc1 Rb7 39. f4 g6 40. h3
Qc4 41. Qd3 Qc6 42. Qd2 Bd8 43. Rb4 Be7 1/2-1/2